Animals that Appear on Bolivian Flags - Statistics

General Stats
  • This quiz has been taken 7 times
  • The average score is 6 of 7
Answer Stats
Countries Animal % Correct
Potosi Eagle
100%
La Paz, Potosi, +1 other Lion
100%
Cochabamba Snake
100%
La Paz Dove
83%
Oruro Llama
83%
Oruro Phoenix
83%
La Paz Sheep
67%
No matching quizzes found
Score Distribution
Percent of People with Each Score
Percentile by Number Answered
Your Score History
You have not taken this quiz